'Careless Whisper' Lyrics Quiz Stats

 Plays Quiz Updated Jul 29, 2014

     
Support Sporcle.
Go Orange.
Score 0/196 Timer 09:00
1 Play Today
% Correct
[Chorus]
99.1%
[Chorus]
99.1%
I
96.9%
I
96.9%
I
96.9%
I
96.9%
I
96.9%
I
96.9%
I
96.9%
a
95.7%
a
95.7%
a
95.7%
a
95.7%
a
95.7%
you
91.6%
you.
91.6%
you
91.6%
the
91.1%
the
91.1%
the
91.1%
the
91.1%
the
91.1%
the
91.1%
the
91.1%
the
91.1%
to
87.9%
to
87.9%
to
87.9%
to
87.9%
To
87.9%
to
87.9%
to
87.9%
no
87%
no
87%
never
84.4%
never
84.4%
never
84.4%
dance
83.6%
dance
83.6%
dance
83.6%
dance
83.6%
dance
83.6%
have
82.7%
have
82.7%
have
82.7%
have
82.7%
and
82.1%
and
82.1%
and
82.1%
and
82.1%
again.
81.6%
again,
81.6%
gonna
80.1%
gonna
80.1%
gonna
80.1%
got
80%
I'm
79.9%
I'm
79.9%
so
79.7%
So
79.7%
so
79.7%
so
79.7%
so
79.7%
So
79.7%
your
79.3%
your
79.3%
% Correct
your
79.3%
with
77.7%
With
77.7%
with
77.7%
with
77.7%
careless
77%
in
76.8%
in
76.8%
Guilty
75.8%
know
74.2%
way
74%
way.
74%
friend,
72.5%
friend.
72.5%
rhythm.
72.4%
that
71.5%
that
71.5%
that
71.5%
that
71.5%
me?
71%
me
71%
not
70.3%
feet
70.1%
its
69%
it's
69%
it's
69%
should
68.5%
danced
67.9%
you're
67.9%
you're
67.9%
we
67.4%
we
67.4%
We
67.4%
We
67.4%
is
67.1%
is
67.1%
good
66.9%
good
66.9%
been
66.5%
been
66.5%
feel
65.7%
better
65.4%
better
65.4%
take
64.4%
was
63.9%
floor.
63.9%
than
63.7%
as
63.6%
As
63.6%
fool.
63.3%
hand
63.2%
of
62.9%
known
62.7%
music
60.5%
music
60.5%
easy
60.5%
cheat
60.3%
pretend,
60.2%
lead
59.5%
eyes
59.1%
can
58.5%
this
57.9%
this
57.9%
this
57.9%
whispers
56%
chance
56%
% Correct
given.
55.8%
could
55.2%
could
55.2%
could
55.2%
heart
54.6%
waste
54.3%
all
53.4%
all
53.4%
mind
52.9%
mind,
52.9%
Though
52.3%
something
51.1%
now
51.1%
Now
51.1%
Time
49.5%
unsure,
49.4%
want
48.8%
dies,
48.6%
but
47.8%
say.
47.1%
I'd
47%
Pain
46.4%
together.
46.1%
had
45.1%
find.
44.2%
There's
43.5%
love.
42.8%
forever,
42.7%
truth.
42.4%
you'll
41.2%
silver
41%
kind.
40.7%
gone,
40.4%
who's
39.4%
hurt
39.1%
things
38.8%
sad
38.6%
screen
38.5%
comfort
37.7%
mend
37.6%
other
37.5%
ignorance
37.3%
each
37%
Please
36.7%
calls
36.3%
leave
36.3%
Maybe,
36.1%
alone?
36%
wish
35.6%
loud.
34.5%
lose
34.5%
stay.
34.1%
what
33.8%
crowd.
33.1%
seems
32.9%
Tonight
32.6%
We'd
31.4%
goodbyes.
31%
did
29.1%
wrong?
28.5%
wrong
28.5%
or
21.6%
lived
21.2%
without
20.3%

From the Vault

7-Letter Animals by Image

by RobPro

Science 4m
This quiz is for real animals only--our apologies to the unicorn community.
Remove Ads.
Support Sporcle.
Get the best of Sporcle when you Go Orange. This ad-free experience offers more features, more stats, and more fun while also helping to support Sporcle. Thank you for becoming a member.

Show Comments

Extras

Top Quizzes Today


Score Distribution

Your Account Isn't Verified!

In order to create a playlist on Sporcle, you need to verify the email address you used during registration. Go to your Sporcle Settings to finish the process.

Report this User

Report this user for behavior that violates our Community Guidelines.

Details: